000 00347 a2200157 4500
001 164515
020 _a
040 _cMagnum
100 _aVianna, Marly
240 1 0 _aPolitica e rebeliao nos anos 30
_lpor
245 1 0 _aPolitica e rebeliao nos anos 30
362 0 _a1899
440 1 _aModerna
697 _aHISTORIA DO BRASIL
942 _cBK
999 _c164515
_d164515